Catálogo
 En Linea

Science in daily life / (Registro nro. 41330)

Detalles MARC
000 -CABECERA
campo de control de longitud fija 00508nam a2200157 a 4500
001 - NÚMERO DE CONTROL
campo de control 000041841
005 - FECHA Y HORA DE LA ÚLTIMA TRANSACCIÓN
campo de control 20201002035803.0
008 - DATOS DE LONGITUD FIJA--INFORMACIÓN GENERAL
campo de control de longitud fija 131018s1958 xxua 001 0 eng d
040 ## - FUENTE DE LA CATALOGACIÓN
Centro catalogador/agencia de origen DO-SdBNP
Lengua de catalogación spa
Centro/agencia transcriptor BNPHU
082 ## - NÚMERO DE LA CLASIFICACIÓN DECIMAL DEWEY
Número de clasificación xxxxx
Número de documento/Ítem xxxxx
100 1# - ENTRADA PRINCIPAL--NOMBRE DE PERSONA
Nombre de persona D. Curtis, Francis
9 (RLIN) 68721
245 10 - MENCIÓN DE TÍTULO
Título Science in daily life /
Mención de responsabilidad, etc. Francis D. Curtis, George Greisen Mallinson.
260 ## - PUBLICACIÓN, DISTRIBUCIÓN, ETC.
Lugar de publicación, distribución, etc. Boston, New York :
Nombre del editor, distribuidor, etc. Ginn and company,
Fecha de publicación, distribución, etc. 1958.
300 ## - DESCRIPCIÓN FÍSICA
Extensión xii, 580 p. :
Otras características físicas il. ;
Dimensiones 24 cm.
700 1# - PUNTO DE ACCESO ADICIONAL--NOMBRE DE PERSONA
Nombre de persona Greisen Mallinson, George
9 (RLIN) 68722
Existencias
Estado de retiro Estado de pérdida Restricciones de uso No para préstamo Código de colección Localización permanente Ubicación/localización actual Ubicación en estantería Fecha de adquisición Número de inventario Total de préstamos Signatura topográfica completa Código de barras Fecha visto por última vez Precio válido a partir de Tipo de ítem Koha
      Excluido de préstamo Monografías: Libros y Folletos General General Depósito 18.10.2013 LF1   xxxxx xxxxx 41841-10 25.06.2020 25.06.2020 No se presta

Con tecnología Koha